| 000 | 00787nam a22002177a 4500 | ||
|---|---|---|---|
| 003 | 0 | ||
| 005 | 20260204142447.0 | ||
| 008 | 260204b xxu||||| |||| 00| 0 eng d | ||
| 020 | _a978-971-630-155-7 | ||
| 050 |
_aFIL 398.20938 _bMa266 2007 |
||
| 082 |
_aFIL 398.20938 _bMa266 2007 |
||
| 100 | _aManuel, Peggy | ||
| 240 |
_aAng Kabayo ng Troya _lFilipino |
||
| 245 |
_aThe Trojan horse : _ba bilingual flip book _cRetold by Peggy Manuel; pictures by Rita Badilla-GudiƱo |
||
| 260 |
_aMakati City : _bTahanan Books for Young Readers, _c2007. |
||
| 300 |
_a32 unnumbered pages : _bcolored illustrations ; _c24 cm. |
||
| 546 | _ain English; in Filipino | ||
| 650 |
_aTrojan horse (Greel mythology) _vJuvenile literature. |
||
| 650 |
_aTrojan war _vJuvenile literature. |
||
| 942 |
_2ddc _cBK |
||
| 999 |
_c368782 _d368782 |
||